000 00515nam a2200193Ia 4500
003 GCL
008 140319s9999 xx 000 0 eng d
040 _aGCL /
_cGCL
082 0 4 _a342.08509
_bM I
100 1 _aMAYER ,BEN
245 1 0 _aISLAM AND HUMAN RGHTS :
_bTRADITION AND POLITICS /
_cMAYER ,BEN
260 _aانجلترا :
_bWESTVIEW PRESS ،
_c1995
300 _a24 CM ؛
_c223 P
650 0 4 _aISLAM
650 0 4 _aISLAMIC LAW
650 0 4 _aHUMAN RIGHTS
650 0 4 _aCIVIL RIGHTS
942 _2ddc
_cBK
999 _c11968
_d11968